| 000 | 00544nam a2200193 4500 | ||
|---|---|---|---|
| 005 | 20260312095117.0 | ||
| 008 | 251204b |||||||| |||| 00| 0 eng d | ||
| 020 | _a978-93-6616-588-2 | ||
| 041 | _aEng | ||
| 082 |
_26th ed. _aPY 150 SRE B11932 |
||
| 100 |
_aSreevani R _9217053 |
||
| 245 | _aApplied Psychology for Nurses | ||
| 260 |
_aNew Delhi _bJaypee Brothers _c2025 |
||
| 300 |
_a289p _bpb _c24x17cm |
||
| 365 |
_aRupaye _b595 _cINR |
||
| 521 | _aApplied Psychology for Nurses for Sem 1 | ||
| 650 |
_aPsychology _9217054 |
||
| 942 | _cBK | ||
| 999 |
_c369267 _d369267 |
||